[Event "Elgoibar Danobat U2200 op 1st"]
[Site "Elgoibar"]
[Date "2018.10.25"]
[Round "3"]
[White "Navarro Navarro, Juan Manuel"]
[Black "Esturo Loiola, Ion"]
[Result "1/2-1/2"]
[WhiteElo "1687"]
[BlackElo "1924"]
[PlyCount "64"]
[EventDate "2018.09.27"]
[EventType "swiss"]
[EventRounds "7"]
[EventCountry "ESP"]
[SourceTitle "EXT 2020"]
[Source "ChessBase"]
[SourceDate "2019.10.17"]
[SourceVersion "1"]
[SourceVersionDate "2019.10.17"]
[SourceQuality "1"]

1. d4 Nf6 2. Nf3 g6 3. c4 Bg7 4. g3 0-0 5. Bg2 d6 6. 0-0 c5 7. Nc3 cxd4 8. Nxd4 Nbd7 9. Bg5 h6 10. Bd2 Rb8 11. Rc1 a6 12. Re1 Ne5 13. Nd5 Kh7 14. Ne3 Nfg4 15. Nxg4 Bxg4 16. h3 Nd3 17. hxg4 Nxe1 18. Bxe1 Qb6 19. Bc3 e5 20. Nb3 f5 21. Ba5 Qa7 22. Qxd6 b6 23. Bc3 Rbe8 24. c5 bxc5 25. Qxc5 Qf7 26. Bd5 Qf6 27. g5 Qxg5 28. Bd2 f4 29. Bg2 Qg4 30. Bf3 Qh3 31. Bg2 Qg4 32. Bf3 Qh3 1/2-1/2